Special effects make-up / (Record no. 126855)
[ view plain ]
| 000 -LEADER | |
|---|---|
| campo de control de longitud fija | 01424nam a22002297a 4500 |
| 003 - IDENTIFICADOR DE NÚMERO DE CONTROL | |
| campo de control | BJBSDDR |
| 005 - FECHA Y HORA DE LA ÚLTIMA TRANSACCIÓN | |
| campo de control | 20260421083846.0 |
| 007 - CAMPO FIJO DE DESCRIPCIÓN FÍSICA--INFORMACIÓN GENERAL | |
| campo de control de longitud fija | ta |
| 008 - DATOS DE LONGITUD FIJA--INFORMACIÓN GENERAL | |
| campo de control de longitud fija | 260421s2002 nyu||||| |||| 00| 0 eng d |
| 020 ## - NÚMERO INTERNACIONAL ESTÁNDAR DEL LIBRO | |
| Número Internacional Estándar del Libro | 9780878301782 |
| 040 ## - FUENTE DE CATALOGACIÓN | |
| Lengua de catalogación | spa |
| Centro/agencia transcriptor | BJBSDDR |
| 041 ## - CÓDIGO DE IDIOMA | |
| Código de lengua del texto/banda sonora o título independiente | eng |
| 050 ## - SIGNATURA TOPOGRÁFICA DE LA BIBLIOTECA DEL CONGRESO | |
| Número de ítem | V789 2002 |
| 100 1# - ENTRADA PRINCIPAL--NOMBRE DE PERSONA | |
| Nombre de persona | Vinther, Janus |
| 9 (RLIN) | 48019 |
| 245 10 - MENCIÓN DEL TÍTULO | |
| Título | Special effects make-up / |
| Mención de responsabilidad, etc. | Janus Vinther, Niels Coley |
| 260 ## - PUBLICACIÓN, DISTRIBUCIÓN, ETC. | |
| Lugar de publicación, distribución, etc. | New York : |
| Nombre del editor, distribuidor, etc. | Routledge, |
| Fecha de publicación, distribución, etc. | 2002 |
| 300 ## - DESCRIPCIÓN FÍSICA | |
| Extensión | 160 pages : |
| Otras características físicas | illustrations ; |
| Dimensiones | 24 cm |
| 520 ## - RESUMEN, ETC. | |
| Sumario, etc. | From bullet holes to severed fingers, from slashed throats to wounds and burns, Special Effects Make-up is a complete, easy-to-use guide to creating horrifying make-up. As storylines become more sensational and technology more sophisticated, special effects have become an increasingly important element of both film and theatre production. Janus Vinther provides fully illustrated, step-by-step instructions for creating grotesque and horrifying effects. There is also a chapter on specialized character make-up, covering familiar figures such as Dracula and the Terminator. Illustrated throughout in gory full color, Special Effects Make-up describes both techniques and materials. It will be an essential tool for those involved in film and theatre make-up or design, and for anyone out to make Halloween a very special evening. |
| 700 1# - ENTRADA AGREGADA--NOMBRE PERSONAL | |
| Nombre de persona | Coley, Niels |
| 9 (RLIN) | 48020 |
| 942 ## - ELEMENTOS DE ENTRADA SECUNDARIOS (KOHA) | |
| Fuente del sistema de clasificación o colocación | Clasificación de Library of Congress |
| Suprimir en OPAC | No |
| Tipo de ítem Koha | Libro |
| 946 ## - PROCESAMIENTO DE INFORMACIÓN LOCAL (OCLC) | |
| Iniciales del agente catalogador | cmc |
| Estatus retirado | Estado de pérdida | Fuente del sistema de clasificación o colocación | Estado de daño | No para préstamo | Colección | Biblioteca de origen | Biblioteca actual | Ubicación en estantería | Fecha de adquisición | Signatura topográfica completa | Código de barras | Visto por última vez | Copia número | Tipo de ítem Koha |
|---|---|---|---|---|---|---|---|---|---|---|---|---|---|---|
| Clasificación de Library of Congress | Automatización y Procesos Técnicos | Biblioteca Juan Bosch | Biblioteca Juan Bosch | Automatización y Procesos Técnicos (1er. Piso) | 21/04/2026 | V789 2002 | 00000198971 | 21/04/2026 | 1 | Libro |
